000 01164cam a2200313 a 4500
001 12098850
003 OSt
005 20210219135604.0
008 000610s2000 ck b 000 0 spa
010 _a 00319900
020 _a958616439X
035 _a(BoCbEI)ei 000200853
040 _aDLC
_cCO-JMCR
041 0 _aspa
043 _as-ck---
082 0 4 _a341.3 /
_bR172c
_223
100 1 _aRamelli Arteaga, Alejandro.
_eautor
_913702
245 1 3 _aLa Constitución colombiana y el derecho internacional humanitario /
_cAlejandro Ramelli Arteaga.
250 _aPrimera edición
260 _aBogotá :
_bUniversidad Externado de Colombia,
_c2000.
300 _a703 páginas
_c25 cm.
500 _aDatos biográficos del autor en tapa posterior.
504 _aBibliografía : páginas 651-703
505 _aManifestaciones de una complementariedad parcial en el orden internacional -- El reflejo de complementariedad parcial entre DIH y la CADH en el orden interno colombiano
650 2 4 _aLey constitucional
_zColombia.
_912419
650 2 4 _aInsurrección
_zColombia.
_913703
650 2 4 _aDerecho humanitario
_zColombia.
_913704
942 _2ddc
_cBK
999 _c7256
_d7256